000 004700000a22001810004500
003 LK-CoMWRAF
005 20231215103821.0
008 230817t1975 ||||| |||| 00| 0 eng d
040 _aLK-CoMWRAF
_dLK-CoMWRAF
_eLK-CoMWRAF
041 _aeng
082 _a909
_bDES
100 _aKassim, Hajee Mahboob
245 _aDestruction or peace
260 _aCalcutta:
_bChishtiya Publications,
_c1975
300 _aviii,834p. ; 25cm.
650 _aCIVILIZATION
942 _cBK
999 _c1475
_d1475